| 000 | 00510nam a22001457a 4500 | ||
|---|---|---|---|
| 020 | _a0117530026 | ||
| 082 |
_a666.893 _bLAW _cL-38, P-202. |
||
| 100 |
_aLawrence, C.D _943188 |
||
| 245 |
_aInternational review of the composition of cement pastes, mortars, concretes and aggregates likely to be used in water retaining structures _cC.D Lawrence |
||
| 260 |
_aLondon : _bH M S O _c1994 |
||
| 300 |
_avii, 159 p. : _c24 cm. |
||
| 526 |
_a0 _b0 _c0 _d666_893000000000000_LAW |
||
| 650 |
_aMCE _9379 |
||
| 942 |
_2ddc _cBK |
||
| 999 |
_c548541 _d548541 |
||